000 00896nam a22001937a 4500
999 _c60809
_d60809
005 20231024155100.0
008 231024s1962 ru ||||| |||| 00| 0 rus d
041 _arus
080 _a82 Л-64
245 _aЛитература древнего Востока /
_cВ.Б. Никитина, Е.В. Паевская, Л.Д. Позднеева, Д.Г. Редер.
264 _aМосква :
_bИздательство Московского университета,
_c1962.
300 _a468 стр.;
_b22 см.
653 _aძველი აღმოსავლეთის ლიტერატურა
700 _aНикитина, В.Б.
_eავტორი
_920216
700 _aПаевская, Е.В.
_eავტორი
_920217
700 _aПозднеева, Л.Д.
_eავტორი
_920218
700 _aРедер, Д.Г.
_eავტორი
_920219
942 _2udc
_cBK